| 000 | 01055cab a2200301 4500 | ||
|---|---|---|---|
| 001 | WB3002-33 | ||
| 008 | 090401t1993 xxu||||| |||| 00| 0 eng d | ||
| 035 | _a(Sirsi) u47515 | ||
| 041 | _aeng | ||
| 245 | _aOpencast mining near world heritage site | ||
| 260 | _c1993 | ||
| 350 | _a0 | ||
| 490 |
_aEstates Gazette Case Summaries _v(1993) EGCS 218(1) (8/1/94) |
||
| 520 | _a"Coal Contractors Ltd v SoS Environment and another" QBD 9 December 1993. SoS`s decision to refuse planning permission for opencast mining at a site close to Hadrian`s Wall. The designation of the Wall as a world heritage site was a material factor in planning decisions. | ||
| 650 | _aANCIENT MONUMENTS | ||
| 650 | _aCOAL MINING | ||
| 650 | _aHADRIANS WALL | ||
| 650 | _aMINING | ||
| 650 | _aOPENCAST MINING | ||
| 650 | _aPLANNING PERMISSION | ||
| 650 | _aTOURISM | ||
| 650 | _aWORLD HERITAGE SITES | ||
| 690 | _aCONSERVATION | ||
| 690 | _aMINING AND MINERALS-CASE LAW | ||
| 690 | _aPLANNING LAW AND PRACTICE-CASE LAW | ||
| 942 | _n0 | ||
| 948 | _c04/03/1997 | ||
| 999 |
_c29965 _d29965 |
||